|
|
|
|
| LEADER |
02205nam a2200517 a 4500 |
| 001 |
nkc20132474291 |
| 003 |
CZ PrNK |
| 005 |
20181126100455.0 |
| 007 |
ta |
| 008 |
130709s2014 xr ac e f 001 0 cze |
| 015 |
|
|
|a cnb002474291
|
| 020 |
|
|
|a 978-80-7294-872-7
|q (brož.)
|
| 035 |
|
|
|a (OCoLC)879563712
|
| 040 |
|
|
|a ABA001
|b cze
|
| 041 |
1 |
|
|a cze
|h ger
|
| 072 |
|
7 |
|a 159.9
|x Psychologie
|2 Konspekt
|9 17
|
| 080 |
|
|
|a 316.774:004.9
|2 MRF
|
| 080 |
|
|
|a 37.03-053.2
|2 MRF
|
| 080 |
|
|
|a 159.91
|2 MRF
|
| 080 |
|
|
|a (0.062)
|2 MRF
|
| 100 |
1 |
|
|a Spitzer, Manfred,
|d 1958-
|7 pna2014812428
|4 aut
|
| 245 |
1 |
0 |
|a Digitální demence :
|b jak připravujeme sami sebe a naše děti o rozum /
|c Manfred Spitzer ; [z německého originálu ... přeložil František Ryčl]
|
| 250 |
|
|
|a 1. vyd.
|
| 260 |
|
|
|a Brno :
|b Host,
|c 2014
|
| 300 |
|
|
|a 341 s. :
|b il., portréty ;
|c 21 cm
|
| 500 |
|
|
|a Dotisk 2016
|
| 504 |
|
|
|a Obsahuje bibliografii, bibliografické odkazy a rejstřík
|
| 650 |
0 |
7 |
|a digitální média
|7 ph559630
|2 czenas
|
| 650 |
0 |
7 |
|a výchova dítěte
|7 ph127420
|2 czenas
|
| 650 |
0 |
7 |
|a neuropsychologie
|7 ph115446
|2 czenas
|
| 650 |
0 |
9 |
|a digital media
|2 eczenas
|
| 650 |
0 |
9 |
|a child rearing
|2 eczenas
|
| 650 |
0 |
9 |
|a neuropsychology
|2 eczenas
|
| 655 |
|
7 |
|a populárně-naučné publikace
|7 fd131864
|2 czenas
|
| 655 |
|
9 |
|a popular works
|2 eczenas
|
| 765 |
0 |
|
|t Digitale Demenz
|9 Česky
|
| 856 |
4 |
1 |
|u https://www.digitalniknihovna.cz/mzk/uuid/uuid:634fdcb0-e6ee-11e3-a2c6-005056827e51
|y Digitalizovaný dokument
|x NDK
|
| 910 |
2 |
|
|a BOA001
|b 2-1324.262
|
| 990 |
|
|
|a BK
|
| 995 |
|
|
|a 01
|
| 991 |
|
|
|b 201404
|c NOV
|j 316.774 SPI
|e n
|
| 996 |
6 |
|
|b 2610588142
|c 2-1324.262
|l MZK
|r Sklad / do 1 hodiny
|n 42
|p p.v.
|w 001415762
|u 000010
|a 1
|e BOA001
|j MZK50
|s P
|
| 996 |
7 |
|
|b 2610588143
|c 2-1324.262
|l Vol.výběr
|r VV 0p
|n 64
|p p.v.
|h 316.774 SPI
|w 001415762
|u 000020
|a 0
|e BOA001
|j MZK50
|s A
|
| 996 |
6 |
|
|b 2610608819
|c 2-1324.262
|l MZK
|r HSS 4p
|n 0
|p kup
|h 316.774 SPI
|w 001415762
|u 000030
|a 0
|e BOA001
|j MZK50
|s P
|
| 996 |
7 |
|
|b 2610707170
|c 2-1324.262
|l Vol.výběr
|r VV 0p
|n 35
|p kup
|h 316.774 SPI
|w 001415762
|u 000040
|a 0
|e BOA001
|j MZK50
|s A
|
| 996 |
7 |
|
|b 2610761949
|c 2-1324.262
|l Vol.výběr
|r VV 0p
|n 31
|p kup
|h 316.774 SPI
|w 001415762
|u 000050
|a 0
|e BOA001
|j MZK50
|s A
|